00499pam a2200145 a 4500020002200000082001400022100001900036245004500055260005800100300002000158650002200178650002100200856006600221856006600287 a0198559577 (pbk.)00a547.2 PRO1 aProcter, Garry10aStereoselectivity in organic synthesis / aOxford ;aNew York :bOxford University Press,c1998. a89 p. :bill. ; 0aOrganic compounds 0aStereochemistry.42uhttp://www.loc.gov/catdir/enhancements/fy0603/98006294-d.html41uhttp://www.loc.gov/catdir/enhancements/fy0603/98006294-t.html